| 000 | 00390nam a22001217a 4500 | ||
|---|---|---|---|
| 999 |
_c3186 _d3186 |
||
| 005 | 20201118125305.0 | ||
| 008 | 201118b ||||| |||| 00| 0 eng d | ||
| 020 | _a0237496887 | ||
| 040 | _cCML | ||
| 245 |
_aEnglish Comprehension Exercises for School in Africa. _cHoyle S.J. |
||
| 260 |
_aLondon _bEvans Brothers Ltd _c1963 |
||
| 942 |
_2ddc _cBK _e1st Edition _h410 _kHOY 410 _mHOY |
||